000 00934nam0a22002411 4500
001 v19\rc\1243782
005 20260406130331.0
035 _a(NLR Aleph) 004401224
090 _a3881282
_c3881282
100 _a20060306d1887 |||y0rusy50 ca
101 0 _arus
102 _aRU
105 _ay g |||||
200 1 _aПравительством утвержденное и обеспеченное установленным залогом в 7.500 р. справочное бюро "Н. Донич"
_e[Извещение о программе и характере деятельности]
210 _aМосква
_dценз. 1887
215 _a[3] с.
309 _aБез тит. л. и обл.
710 0 2 _a"Донич, Н.", справочное бюро
_cМосква
_3RU\NLR\AUTH\8819795
_9312943
801 0 _aRU
_bNLR
_gpsbo
801 1 _aRU
_bProSoft-M
_2rusmarc
852 _aNLR
_j18.310.1.13
942 _cBOOK
980 _aNB